Central Library and Information Centre
Sibsagar Girls' College, Sivasagar : Assam

STEPS TO GENERAL KNOWLEDGE - BOOK -II (Record no. 12083)

MARC details
000 -LEADER
fixed length control field 00544cam a2200193ua 4500
008 - FIXED-LENGTH DATA ELEMENTS--GENERAL INFORMATION
fixed length control field 170321n II |||gr||||Z||||||eng
040 ## - CATALOGING SOURCE
Original cataloging agency MAIN
041 ## - LANGUAGE CODE
-- English
082 ## - DEWEY DECIMAL CLASSIFICATION NUMBER
Classification number 028.7 SCO
245 ## - TITLE STATEMENT
Title STEPS TO GENERAL KNOWLEDGE - BOOK -II
250 ## - EDITION STATEMENT
Edition statement REP.
260 ## - PUBLICATION, DISTRIBUTION, ETC.
Place of publication, distribution, etc. NEW DELHI:
Name of publisher, distributor, etc. FRANK BROS. & CO,
Date of publication, distribution, etc. 1990.
300 ## - PHYSICAL DESCRIPTION
Extent 87:
Dimensions 20CM.
500 ## - GENERAL NOTE
General note Donated by Dilip Kr. Chakravarty, Ex. Prof.SGC, Deptt. Political Science - 14.11.2016
700 ## - ADDED ENTRY--PERSONAL NAME
Personal name SCOTT, PEARL,
Relator term AUTHOR.,
942 ## - ADDED ENTRY ELEMENTS (KOHA)
Koha item type Books
653 ## - INDEX TERM--UNCONTROLLED
Uncontrolled term Reference Books
Holdings
Withdrawn status Lost status Damaged status Not for loan Collection code Home library Current library Shelving location Date acquired Full call number Barcode Date last seen Copy number Price effective from Koha item type
        TBSOC Central Library and Information Centre Sibsagar Girls College Central Library and Information Centre Sibsagar Girls College Location Not Found 11.09.1989 028.7 SCO 10315 27.02.2020 1 27.02.2020 Books


Sibsagar Girl's College © 2020. All rights reserved.
Powered by Koha.
Maintained by Abhijit Borpuzari.